000 00530nam a2200181Ia 4500
999 _c3199
_d3199
003 OSt
005 20200814135549.0
008 190216s9999||||xx |||||||||||||| ||und||
020 _a8187224258
040 _coclc
082 _a547.2
_bRAJ/O
100 _aRaj, Gurdeep
_94139
245 0 _aOrganic Name Reactions and Molecular Rearrangements /
_cGurdeep Raj
260 _bKrishna Prakashan Media,
_aMeerut:
_c2003.
300 _a352p
650 _aChemistry
942 _cBK
_2ddc
_h547.2
_iRAJ/O
_k547.2
_mRAJ/O